| 000 | 00803nam a22002535i 4500 | ||
|---|---|---|---|
| 001 | 12274 | ||
| 003 | ES-MaACL | ||
| 005 | 20250817062545.0 | ||
| 007 | t| | ||
| 008 | 960201s1995 sp ||||0| spa j | ||
| 020 | _a84-7075-453-X | ||
| 040 |
_aM-BN _bspa _cM-BN |
||
| 080 | _a806.0"19" | ||
| 245 | 0 | 3 |
_aLa lengua española hoy / _ccoordinación, Manuel Seco y Gregorio Salvador ; Eugenio de Bustos ... [et al.]. |
| 260 |
_aMadrid : _bFundación Juan March, _cD.L. 1995. |
||
| 300 |
_a322 p ; _c23 cm. |
||
| 650 | 1 | 4 |
_aLengua española- _yS.XX. _914183 |
| 700 | 1 |
_aBustos, Eugenio de. _932927 |
|
| 700 | 1 |
_aSeco, Manuel. _9105046 |
|
| 700 | 0 |
_aSalvador, Gregorio, _d1927-2020 _9102071 |
|
| 710 | 2 |
_aFundación Juan March _94346 |
|
| 852 |
_aES-MaACL _jL-19578 _bR.124559 |
||
| 999 |
_c12274 _d12274 |
||